Statistiques concernant Nom complet pilote de F1

Cliquez ici pour prendre le quiz!

Statistiques générales

  • Ce quiz a été pris 62 fois
  • Le résultat moyen est 18 sur 20

Statistiques - réponses

Nom completPilote% Correct
Charles Marc Hervé Perceval LeclercCharles Leclerc
98%
Lewis Carl Davidson HamiltonLewis Hamilton
98%
Pierre Jean-Jacques GaslyPierre Gasly
98%
Sergio Michel Pérez MendozaSergio Pérez
98%
Carlos Sainz Vázquez de Castro Cenamor Rincón Rebollo Birto Moreno de Aranda de Anteruriaga Tiapera DeltúnCarlos Sainz Jr
96%
Fernando Alonso DíazFernando Alonso
96%
Ayrton Senna da SilvaAyrton Senna
94%
Esteban José Jean-Pierre Ocon-KhelfaneEsteban Ocon
94%
Jenson Alexander Lyons ButtonJenson Button
93%
Lance StrulovitchLance Stroll
91%
Andreas Nikolaus LaudaNiki Lauda
91%
Daniil Vyacheslavovich KvyatDaniil Kvyat
87%
Giovanni AlesiJean Alesi
87%
Jacques-Henri Marie Sabin LaffiteJacques Laffite
81%
Jacques Bernard IckxJacky Ickx
80%
Jean-Pierre Maurice Georges BeltoiseJean-Pierre Beltoise
80%
Hendrik Johannes Nicasius de VriesNyck de Vries
80%
Emilio Giuseppe FarinaGiuseppe Farina
76%
James Clark, JrJim Clark
70%
Denis Clive HulmeDenny Hulme
63%

Distribution des résultats

Percentile par nombre de réponses

% des personnes avec chaque résultat

Votre développement - résultats

Vous n’avez pas pris ce quiz